[Event "Karposh Open 2015"]
[Site "Skopje MKD"]
[Date "2015.03.30"]
[Round "5.25"]
[White "Santiago, Yago De Moura"]
[Black "Sevgi, Volkan"]
[Result "1-0"]
[WhiteElo "2410"]
[BlackElo "2122"]
[PlyCount "101"]
[EventDate "2015.03.27"]
[EventType "swiss"]
[EventRounds "9"]
[EventCountry "MKD"]
[Source "lmi"]
[SourceDate "2015.03.27"]

1. d4 f5 2. c4 Nf6 3. Nc3 g6 4. Nf3 Bg7 5. g3 O-O 6. Bg2 d6 7. O-O c6 8. Qc2
Qc7 9. b3 Re8 10. Rd1 Na6 11. Ba3 Bd7 12. Rac1 Rac8 13. Qb1 Qa5 14. Bb2 b5 15.
cxb5 cxb5 16. e3 b4 17. Ne2 Ne4 18. Qa1 Be6 19. h4 Nc7 20. Nd2 Nxd2 21. Rxd2
Bd5 22. Rdc2 Bxg2 23. Kxg2 Qd5+ 24. Kg1 Qb7 25. Rc4 Nd5 26. Qb1 Nb6 27. Rxc8
Rxc8 28. Rxc8+ Qxc8 29. Qd3 Qd7 30. Bc1 Qc6 31. Bd2 a5 32. Nf4 e5 33. Ne6 exd4
34. Nxg7 Kxg7 35. Qxd4+ Kg8 36. e4 Nd7 37. Bf4 Qxe4 38. Qxe4 fxe4 39. Bxd6 Nf6
40. Bc7 Nd5 41. Bxa5 Kf7 42. Kf1 Ke6 43. Ke2 Nc3+ 44. Ke3 Nxa2 45. Kxe4 Nc1 46.
g4 Nxb3 47. Bxb4 Nc1 48. f4 Ne2 49. Bd2 Ng3+ 50. Kf3 Nf1 51. Bc1 1-0

[Event "Karposh Open 2015"]
[Site "Skopje MKD"]
[Date "2015.03.30"]
[Round "5.26"]
[White "Damljanovic, Branko"]
[Black "Dinev, Dejan"]
[Result "1-0"]
[WhiteElo "2562"]
[BlackElo "2317"]
[PlyCount "77"]
[EventDate "2015.03.27"]
[EventType "swiss"]
[EventRounds "9"]
[EventCountry "MKD"]
[Source "lmi"]
[SourceDate "2015.03.27"]

1. d4 Nf6 2. c4 e6 3. Nc3 Bb4 4. e3 O-O 5. Nge2 d5 6. a3 Be7 7. cxd5 exd5 8. g3
c6 9. Bg2 Bf5 10. h3 h5 11. f3 Bd6 12. e4 dxe4 13. fxe4 Nxe4 14. Bxe4 Qd7 15.
Bxf5 Qxf5 16. Bf4 Bxf4 17. Nxf4 Re8+ 18. Nce2 Qe4 19. O-O Nd7 20. Nc3 Qe3+ 21.
Kg2 h4 22. gxh4 c5 23. Ncd5 Qe4+ 24. Qf3 Qxd4 25. Rad1 Ne5 26. Qe2 Qa4 27. Nc7
Nc4 28. Nxe8 Rxe8 29. Qf3 Ne3+ 30. Kh1 Nxf1 31. Rxf1 Qd7 32. Rg1 Re5 33. Qg3
Qc6+ 34. Rg2 Qf6 35. Kh2 Rf5 36. Nd3 c4 37. Nf2 Qxb2 38. Ng4 Qb6 39. Ne3 1-0

[Event "Karposh Open 2015"]
[Site "Skopje MKD"]
[Date "2015.03.30"]
[Round "5.27"]
[White "Marjanovics, Annamaria"]
[Black "Pavlidis, Antonios"]
[Result "0-1"]
[WhiteElo "2230"]
[BlackElo "2539"]
[PlyCount "52"]
[EventDate "2015.03.27"]
[EventType "swiss"]
[EventRounds "9"]
[EventCountry "MKD"]
[Source "lmi"]
[SourceDate "2015.03.27"]

1. e4 c5 2. Nf3 Nc6 3. d4 cxd4 4. Nxd4 Qb6 5. Nb3 Nf6 6. Nc3 e6 7. Qe2 Bb4 8.
Bd2 O-O 9. a3 Be7 10. e5 Ne8 11. O-O-O f6 12. exf6 Bxf6 13. Be3 Qc7 14. Qd2 d5
15. Nb5 Qb8 16. f4 a6 17. N5d4 Nd6 18. g3 Ne4 19. Qe1 e5 20. fxe5 Nxe5 21. Qa5
b5 22. Qb4 Bg4 23. Re1 Qc8 24. Kb1 Nc4 25. Bd3 a5 26. Qxb5 Nxa3+ 0-1

[Event "Karposh Open 2015"]
[Site "Skopje MKD"]
[Date "2015.03.30"]
[Round "5.28"]
[White "Kovacevic, Aleksandar"]
[Black "Janzelj, Tim"]
[Result "1-0"]
[WhiteElo "2517"]
[BlackElo "2305"]
[PlyCount "83"]
[EventDate "2015.03.27"]
[EventType "swiss"]
[EventRounds "9"]
[EventCountry "MKD"]
[Source "lmi"]
[SourceDate "2015.03.27"]

1. e4 g6 2. d4 Bg7 3. Nc3 d6 4. Be3 a6 5. a4 Nd7 6. f4 c5 7. Nf3 Ngf6 8. Bc4
O-O 9. h3 cxd4 10. Bxd4 Qc7 11. Ba2 b6 12. e5 dxe5 13. fxe5 Nh5 14. Nd5 Qd8 15.
g4 Ng3 16. Rg1 Ne4 17. Qe2 Nec5 18. O-O-O Ne6 19. Bf2 Qe8 20. Bh4 Bb7 21. Nxe7+
Kh8 22. Bd5 Nf4 23. Qe3 Nxd5 24. Nxd5 Nc5 25. Bf6 Qc6 26. Nd4 Qxa4 27. Bxg7+
Kxg7 28. Nf5+ Kh8 29. Qh6 Ne6 30. Nf6 Qf4+ 31. Rd2 Qxh6 32. Nxh6 Rac8 33. Nd7
Rfe8 34. Nxf7+ Kg7 35. Nd6 Ng5 36. Nxe8+ Rxe8 37. Nxb6 Bc6 38. Rd6 Nf3 39. Rg3
Nxe5 40. Re3 Bg2 41. Rd2 Bf1 42. Nd7 1-0

[Event "Karposh Open 2015"]
[Site "Skopje MKD"]
[Date "2015.03.30"]
[Round "5.29"]
[White "Nedev, Trajko"]
[Black "Cvetkovic, Srdjan"]
[Result "1-0"]
[WhiteElo "2470"]
[BlackElo "2296"]
[PlyCount "67"]
[EventDate "2015.03.27"]
[EventType "swiss"]
[EventRounds "9"]
[EventCountry "MKD"]
[Source "lmi"]
[SourceDate "2015.03.27"]

1. e4 c5 2. Nf3 e6 3. d4 cxd4 4. Nxd4 Nc6 5. Nc3 a6 6. Nxc6 bxc6 7. Bd3 d5 8.
O-O Nf6 9. Re1 Be7 10. Bf4 g6 11. Bh6 d4 12. Na4 e5 13. h3 Rg8 14. Bd2 Nh5 15.
Bc4 Bg5 16. Qf3 Be6 17. Bxe6 fxe6 18. Bb4 Be7 19. Bd2 Bg5 20. Bxg5 Qxg5 21. Nc5
Nf4 22. Qg3 Qf6 23. c3 Rd8 24. Rad1 Rf8 25. cxd4 exd4 26. e5 Qf5 27. Nb7 Qc2
28. Qh4 Rd5 29. Nd6+ Kd7 30. Qxh7+ Kd8 31. Qb7 Rxe5 32. Qc8+ Ke7 33. Qc7+ Kf6
34. Ne8+ 1-0

[Event "Karposh Open 2015"]
[Site "Skopje MKD"]
[Date "2015.03.30"]
[Round "5.30"]
[White "Annaberdiev, Meilis"]
[Black "Bubalovic, Davorin"]
[Result "1-0"]
[WhiteElo "2446"]
[BlackElo "2268"]
[PlyCount "116"]
[EventDate "2015.03.27"]
[EventType "swiss"]
[EventRounds "9"]
[EventCountry "MKD"]
[Source "lmi"]
[SourceDate "2015.03.27"]

1. e4 c5 2. Nf3 d6 3. d4 cxd4 4. Nxd4 Nf6 5. Nc3 a6 6. Qe2 e6 7. g4 Nc6 8. Nb3
b5 9. a3 Bb7 10. Bg2 Be7 11. O-O Rc8 12. g5 Nd7 13. f4 Nc5 14. Be3 Nxb3 15.
cxb3 O-O 16. Rad1 b4 17. axb4 Nxb4 18. Rf3 Re8 19. Rh3 g6 20. Qf2 Bf8 21. Bd4
e5 22. Be3 Qd7 23. fxe5 Rxe5 24. Bd4 Qe6 25. Bxe5 dxe5 26. Qh4 h6 27. gxh6 Be7
28. h7+ Kh8 29. Qh6 Bf8 30. Qd2 Bc6 31. Rf1 Be7 32. Qf2 Rf8 33. Qg3 Re8 34. Qf3
Rf8 35. Nd5 Bb5 36. Rd1 Nxd5 37. exd5 Qb6+ 38. Kh1 Bd7 39. Qe3 Qxe3 40. Rxe3
Bd6 41. Bf1 Ra8 42. b4 Bc8 43. Ra1 Kxh7 44. b5 a5 45. Rc3 Bb7 46. b6 Bxd5+ 47.
Bg2 Bxg2+ 48. Kxg2 e4 49. b7 Rb8 50. Rc6 Bf4 51. Rf6 g5 52. Rxf7+ Kg6 53. Rd7
e3 54. Rxa5 e2 55. Ra6+ Kf5 56. Rf7+ Ke4 57. Kf2 Re8 58. Ra8 Rb8 1-0

[Event "Karposh Open 2015"]
[Site "Skopje MKD"]
[Date "2015.03.30"]
[Round "5.31"]
[White "Burcu, Cagatay"]
[Black "Bogdanovski, Vlatko"]
[Result "0-1"]
[WhiteElo "2174"]
[BlackElo "2413"]
[PlyCount "110"]
[EventDate "2015.03.27"]
[EventType "swiss"]
[EventRounds "9"]
[EventCountry "MKD"]
[Source "lmi"]
[SourceDate "2015.03.27"]

1. Nf3 Nf6 2. c4 e6 3. g3 a6 4. Bg2 b5 5. b3 c5 6. Nc3 Qb6 7. e4 Bb7 8. e5 Ne4
9. O-O Be7 10. Ne2 Ng5 11. Nxg5 Bxg5 12. Bxb7 Qxb7 13. f4 Be7 14. f5 Nc6 15.
Nf4 g6 16. fxe6 dxe6 17. Qf3 O-O-O 18. cxb5 axb5 19. Bb2 Rxd2 20. Bc3 Rd7 21.
Rac1 c4 22. bxc4 Bc5+ 23. Kh1 b4 24. Rb1 Rhd8 25. a3 b3 26. Bb4 Nxb4 27. axb4
Qxf3+ 28. Rxf3 Rd1+ 29. Rf1 Rxf1+ 30. Rxf1 Bxb4 31. Rb1 Bc3 32. Rxb3 Bxe5 33.
Nd3 Bc7 34. Kg2 Rd4 35. c5 e5 36. Nb4 Rd2+ 37. Kf3 f5 38. Ra3 Rd4 39. Na6 e4+
40. Ke3 Be5 41. Rb3 g5 42. c6 Rc4 43. c7 f4+ 44. gxf4 gxf4+ 45. Kd2 Bxc7 46.
Nxc7 Kxc7 47. Rh3 Kd6 48. Rxh7 Ke5 49. Re7+ Kf5 50. h3 Rd4+ 51. Ke2 f3+ 52. Ke3
Rd3+ 53. Kf2 Rd2+ 54. Ke3 Re2+ 55. Kd4 f2 0-1

[Event "Karposh Open 2015"]
[Site "Skopje MKD"]
[Date "2015.03.30"]
[Round "5.32"]
[White "Tosic, Miroslav"]
[Black "Tsakiris, Haralambos"]
[Result "1/2-1/2"]
[WhiteElo "2413"]
[BlackElo "2265"]
[PlyCount "110"]
[EventDate "2015.03.27"]
[EventType "swiss"]
[EventRounds "9"]
[EventCountry "MKD"]
[Source "lmi"]
[SourceDate "2015.03.27"]

1. d4 Nf6 2. c3 c5 3. e3 e6 4. Bd3 b6 5. Nf3 Be7 6. Qe2 cxd4 7. exd4 Bb7 8. O-O
O-O 9. Re1 d6 10. Nbd2 Nbd7 11. Nf1 Re8 12. Ng3 h6 13. Bd2 Bf8 14. Rad1 Qc7 15.
Bc1 e5 16. dxe5 dxe5 17. Ne4 Nxe4 18. Bxe4 Bxe4 19. Qxe4 Nc5 20. Qg4 Re6 21.
Be3 Rae8 22. Nh4 Qc6 23. Bxc5 Bxc5 24. Nf5 Rg6 25. Qe4 Qxe4 26. Rxe4 Rf6 27. g4
h5 28. h3 hxg4 29. hxg4 g6 30. Nd4 Kf8 31. Rde1 Rd8 32. g5 Rf4 33. Rxf4 exf4
34. Nf3 Re8 35. Kf1 Rxe1+ 36. Kxe1 f6 37. gxf6 Kf7 38. b4 Bd6 39. Kd2 Kxf6 40.
Kd3 g5 41. Nh2 Kf5 42. f3 Ke5 43. Ng4+ Kd5 44. c4+ Ke6 45. b5 Be7 46. Kd4 Kd6
47. Nf2 Bf6+ 48. Kd3 Be7 49. a3 Ke6 50. a4 Kd6 51. Ng4 Kc5 52. Ne5 Bd6 53. Nf7
Be7 54. Ne5 Bd6 55. Nf7 Be7 1/2-1/2

[Event "Karposh Open 2015"]
[Site "Skopje MKD"]
[Date "2015.03.30"]
[Round "5.33"]
[White "Miladinovic, Lena"]
[Black "Ivanov, Mikhail M"]
[Result "1/2-1/2"]
[WhiteElo "2190"]
[BlackElo "2412"]
[PlyCount "22"]
[EventDate "2015.03.27"]
[EventType "swiss"]
[EventRounds "9"]
[EventCountry "MKD"]
[Source "lmi"]
[SourceDate "2015.03.27"]

1. d4 d5 2. Nf3 Nf6 3. c4 dxc4 4. e3 b5 5. a4 b4 6. Bxc4 e6 7. O-O Be7 8. Nbd2
O-O 9. Nb3 Nbd7 10. Qe2 c5 11. e4 Bb7 1/2-1/2

[Event "Karposh Open 2015"]
[Site "Skopje MKD"]
[Date "2015.03.30"]
[Round "5.34"]
[White "Glavinac, Goran"]
[Black "Arsovic, Goran"]
[Result "1/2-1/2"]
[WhiteElo "2166"]
[BlackElo "2412"]
[PlyCount "58"]
[EventDate "2015.03.27"]
[EventType "swiss"]
[EventRounds "9"]
[EventCountry "MKD"]
[Source "lmi"]
[SourceDate "2015.03.27"]

1. d4 Nf6 2. Nf3 g6 3. c4 Bg7 4. Nc3 d6 5. Bg5 h6 6. Bh4 g5 7. Bg3 Nh5 8. e3 c5
9. d5 Qa5 10. Qc2 Nd7 11. Bd3 Nb6 12. O-O Bd7 13. Rac1 Na4 14. Nxa4 Qxa4 15.
Qb1 a6 16. a3 Qb3 17. Bf5 Bxf5 18. Qxf5 b5 19. cxb5 Qxb5 20. b4 Nxg3 21. hxg3
Qd7 22. Qxd7+ Kxd7 23. bxc5 dxc5 24. Rxc5 Rhc8 25. Rfc1 Rxc5 26. Rxc5 Kd6 27.
Ra5 Bc3 28. Ra4 Kxd5 29. Nd4 Kc5 1/2-1/2

[Event "Karposh Open 2015"]
[Site "Skopje MKD"]
[Date "2015.03.30"]
[Round "5.35"]
[White "Saduakassova, Dinara"]
[Black "Sorgic, Dragan"]
[Result "1-0"]
[WhiteElo "2398"]
[BlackElo "2220"]
[PlyCount "89"]
[EventDate "2015.03.27"]
[EventType "swiss"]
[EventRounds "9"]
[EventCountry "MKD"]
[Source "lmi"]
[SourceDate "2015.03.27"]

1. d4 Nf6 2. c4 g6 3. Nc3 Bg7 4. e4 d6 5. Nf3 O-O 6. Be2 e5 7. O-O c6 8. Qc2
Qe7 9. Rd1 Na6 10. Bg5 h6 11. Bh4 g5 12. Bg3 Nh5 13. d5 Nf4 14. Bf1 Bg4 15.
dxc6 bxc6 16. Qa4 Bxf3 17. gxf3 Qb7 18. Qa3 Ne6 19. Rxd6 Nd4 20. Rd1 Nb4 21.
Na4 Rfb8 22. Nc5 Qe7 23. Rd7 Qxc5 24. R1xd4 a5 25. Rd2 Bf6 26. Qe3 Na6 27. R7d6
Bg7 28. h4 f6 29. Bh3 Rxb2 30. Qxc5 Rb1+ 31. Kg2 Nxc5 32. Rxc6 Na6 33. Rdd6 Nb4
34. Rc7 Na6 35. Be6+ Kh8 36. Rc8+ Rxc8 37. Bxc8 Nb4 38. Rd8+ Bf8 39. Rxf8+ Kg7
40. Rd8 Nxa2 41. Rd7+ Kf8 42. Ra7 Nb4 43. Rxa5 Nd3 44. hxg5 hxg5 45. Ra3 1-0

[Event "Karposh Open 2015"]
[Site "Skopje MKD"]
[Date "2015.03.30"]
[Round "5.36"]
[White "Enchev, Ivajlo"]
[Black "Issakainen, Ari"]
[Result "1-0"]
[WhiteElo "2395"]
[BlackElo "2195"]
[PlyCount "59"]
[EventDate "2015.03.27"]
[EventType "swiss"]
[EventRounds "9"]
[EventCountry "MKD"]
[Source "lmi"]
[SourceDate "2015.03.27"]

1. d4 d5 2. Bf4 c5 3. e4 e6 4. exd5 exd5 5. Nc3 c4 6. g3 Bb4 7. Nge2 Bg4 8. Bg2
Bxc3+ 9. bxc3 Ne7 10. Rb1 Qd7 11. O-O O-O 12. Re1 Nbc6 13. Bc1 Rfe8 14. Qd2 Ng6
15. Ba3 Bf5 16. Rb5 Be4 17. f3 Bf5 18. Reb1 Rab8 19. g4 Be6 20. Ng3 a6 21. Rb6
Qc7 22. Nh5 f5 23. h3 Red8 24. Bc1 fxg4 25. fxg4 Rf8 26. Qe3 Qd7 27. Qg3 Bf7
28. Bh6 Qe7 29. Bxg7 Rfe8 30. Rxc6 1-0

[Event "Karposh Open 2015"]
[Site "Skopje MKD"]
[Date "2015.03.30"]
[Round "5.37"]
[White "Bolat, Ahmet"]
[Black "Dancevski, Orce"]
[Result "1-0"]
[WhiteElo "2170"]
[BlackElo "2370"]
[PlyCount "53"]
[EventDate "2015.03.27"]
[EventType "swiss"]
[EventRounds "9"]
[EventCountry "MKD"]
[Source "lmi"]
[SourceDate "2015.03.27"]

1. d4 Nf6 2. Nc3 d5 3. Bg5 Nbd7 4. Qd3 c6 5. e4 dxe4 6. Nxe4 Nxe4 7. Qxe4 Qa5+
8. Bd2 Qb6 9. O-O-O Nf6 10. Qe5 a5 11. h3 Be6 12. Be3 a4 13. d5 Qa5 14. Bb6
Qxb6 15. dxe6 fxe6 16. Bc4 a3 17. b3 g6 18. Qxe6 Bh6+ 19. Kb1 Rf8 20. Nf3 Qb4
21. Rhe1 Nd5 22. Rxd5 Rxf3 23. Rd7 Re3 24. Rxe3 Bxe3 25. c3 Qc5 26. fxe3 b5 27.
b4 1-0

[Event "Karposh Open 2015"]
[Site "Skopje MKD"]
[Date "2015.03.30"]
[Round "5.38"]
[White "Sidiropoulos, Nikolaos"]
[Black "Yurtseven, Melih"]
[Result "0-1"]
[WhiteElo "2123"]
[BlackElo "2356"]
[PlyCount "54"]
[EventDate "2015.03.27"]
[EventType "swiss"]
[EventRounds "9"]
[EventCountry "MKD"]
[Source "lmi"]
[SourceDate "2015.03.27"]

1. e4 g6 2. d4 Bg7 3. Nf3 d6 4. Bc4 Nf6 5. Qe2 O-O 6. O-O Bg4 7. Nbd2 Nc6 8. c3
e5 9. Bb5 exd4 10. Bxc6 dxc3 11. Bxb7 cxd2 12. Bxd2 Rb8 13. Qa6 Bxf3 14. gxf3
Nh5 15. Rab1 Be5 16. Kg2 Qh4 17. Rh1 Bf4 18. Bc3 Bh6 19. Rhg1 Bf4 20. Rh1 Rfe8
21. Qxa7 Qg5+ 22. Kf1 Qb5+ 23. Kg2 Rxb7 24. Qd4 Be5 25. Qd2 Nf4+ 26. Kg3 Bxc3
27. bxc3 Qg5# 0-1

[Event "Karposh Open 2015"]
[Site "Skopje MKD"]
[Date "2015.03.30"]
[Round "5.39"]
[White "Marjanovic, Dejan"]
[Black "Ilic, Ljubomir"]
[Result "1-0"]
[WhiteElo "2346"]
[BlackElo "2193"]
[PlyCount "77"]
[EventDate "2015.03.27"]
[EventType "swiss"]
[EventRounds "9"]
[EventCountry "MKD"]
[Source "lmi"]
[SourceDate "2015.03.27"]

1. d4 c5 2. d5 Nf6 3. c4 b5 4. Qc2 bxc4 5. e4 d6 6. Bxc4 g6 7. Nf3 Bg7 8. O-O
O-O 9. Re1 Ba6 10. Na3 Bxc4 11. Nxc4 a5 12. Bd2 a4 13. Rad1 Ra6 14. Bc3 Ne8 15.
h4 Bxc3 16. bxc3 f6 17. Rb1 Nd7 18. Rb7 Ng7 19. Qb1 Ne5 20. Ncxe5 fxe5 21. Qb5
Ra8 22. Rb1 h6 23. Qd3 Nh5 24. Qe3 Kg7 25. g3 Rf7 26. Nh2 Qc8 27. Qe2 a3 28.
Ng4 Nf6 29. Nxf6 Kxf6 30. Kg2 Kg7 31. R1b6 Ra4 32. Rb8 Qc7 33. Qb5 Rxe4 34. Qe8
Kf6 35. R8b7 Qxb6 36. Rxb6 Re2 37. Qh8+ Kf5 38. Qxh6 Ke4 39. Qxg6+ 1-0

[Event "Karposh Open 2015"]
[Site "Skopje MKD"]
[Date "2015.03.31"]
[Round "6.1"]
[White "Tkachiev, Vladislav"]
[Black "Kozul, Zdenko"]
[Result "1/2-1/2"]
[WhiteElo "2634"]
[BlackElo "2630"]
[PlyCount "23"]
[EventDate "2015.03.27"]
[EventType "swiss"]
[EventRounds "9"]
[EventCountry "MKD"]
[Source "lmi"]
[SourceDate "2015.03.27"]

1. d4 Nf6 2. c4 g6 3. Nf3 Bg7 4. g3 c6 5. Nc3 d5 6. Qb3 O-O 7. Bg2 Qb6 8. O-O
Rd8 9. Na4 Qxb3 10. axb3 Na6 11. Nc3 Nc7 12. Bf4 1/2-1/2

[Event "Karposh Open 2015"]
[Site "Skopje MKD"]
[Date "2015.03.31"]
[Round "6.2"]
[White "Ivanisevic, Ivan"]
[Black "Markus, Robert"]
[Result "1/2-1/2"]
[WhiteElo "2638"]
[BlackElo "2615"]
[PlyCount "89"]
[EventDate "2015.03.27"]
[EventType "swiss"]
[EventRounds "9"]
[EventCountry "MKD"]
[Source "lmi"]
[SourceDate "2015.03.27"]

1. d4 Nf6 2. c4 c5 3. d5 e5 4. Nc3 d6 5. e4 Nbd7 6. Bd3 a6 7. Nge2 g6 8. f3 h5
9. h4 Bh6 10. Bxh6 Rxh6 11. Qd2 Rh8 12. Nd1 Kf8 13. Ne3 Kg7 14. a3 Qe7 15. Kf2
Ne8 16. g3 Ndf6 17. b4 b6 18. Kg2 Nc7 19. bxc5 bxc5 20. Rab1 Ra7 21. Bc2 Rb7
22. Rxb7 Bxb7 23. Nc3 Bc8 24. Ncd1 Bd7 25. Qa5 Rb8 26. Nf2 Kg8 27. Qc3 Nce8 28.
Rb1 Rxb1 29. Bxb1 Nh7 30. Kf1 Nf8 31. Ng2 f5 32. f4 exf4 33. exf5 Qg7 34. Qxg7+
Nxg7 35. fxg6 fxg3 36. Ne4 Bf5 37. Nf6+ Kh8 38. Bxf5 Nxf5 39. g7+ Kxg7 40.
Nxh5+ Kf7 41. Ke2 Ng6 42. Kd3 Ke7 43. Ke4 Ngxh4 44. Nxh4 Nxh4 45. Nxg3 1/2-1/2

[Event "Karposh Open 2015"]
[Site "Skopje MKD"]
[Date "2015.03.31"]
[Round "6.3"]
[White "Kazhgaleyev, Murtas"]
[Black "Georgiev, Kiril"]
[Result "1/2-1/2"]
[WhiteElo "2561"]
[BlackElo "2623"]
[PlyCount "46"]
[EventDate "2015.03.27"]
[EventType "swiss"]
[EventRounds "9"]
[EventCountry "MKD"]
[Source "lmi"]
[SourceDate "2015.03.27"]

1. d4 Nf6 2. c4 e6 3. Nf3 Bb4+ 4. Bd2 Qe7 5. g3 Bxd2+ 6. Qxd2 Nc6 7. Nc3 d5 8.
e3 O-O 9. Ne5 Nxe5 10. dxe5 Nd7 11. f4 dxc4 12. Bxc4 b6 13. O-O Bb7 14. Rad1
Rad8 15. Qf2 Nb8 16. a3 Rxd1 17. Rxd1 Rd8 18. Qc2 Rxd1+ 19. Qxd1 a6 20. Kf2 Nd7
21. Be2 Qd8 22. h4 h6 23. Qd4 Qe7 1/2-1/2

[Event "Karposh Open 2015"]
[Site "Skopje MKD"]
[Date "2015.03.31"]
[Round "6.4"]
[White "Nabaty, Tamir"]
[Black "Fier, Alexandr"]
[Result "1/2-1/2"]
[WhiteElo "2590"]
[BlackElo "2601"]
[PlyCount "29"]
[EventDate "2015.03.27"]
[EventType "swiss"]
[EventRounds "9"]
[EventCountry "MKD"]
[Source "lmi"]
[SourceDate "2015.03.27"]

1. c4 g6 2. e4 e5 3. d4 Nf6 4. Nf3 exd4 5. e5 Ne4 6. Qxd4 Bb4+ 7. Kd1 f5 8.
exf6 Nxf6 9. Bh6 Qe7 10. Bd3 Nc6 11. Qh4 d5 12. a3 Ng4 13. Bg5 Qd6 14. Kc1 Bc5
15. Re1+ 1/2-1/2

[Event "Karposh Open 2015"]
[Site "Skopje MKD"]
[Date "2015.03.31"]
[Round "6.5"]
[White "Pancevski, Filip"]
[Black "Perunovic, Milos"]
[Result "1/2-1/2"]
[WhiteElo "2485"]
[BlackElo "2632"]
[PlyCount "48"]
[EventDate "2015.03.27"]
[EventType "swiss"]
[EventRounds "9"]
[EventCountry "MKD"]
[Source "lmi"]
[SourceDate "2015.03.27"]

1. e4 c5 2. Nf3 Nc6 3. Bb5 d6 4. O-O Bd7 5. Re1 Nf6 6. c3 a6 7. Bf1 Bg4 8. h3
Bxf3 9. Qxf3 e6 10. d3 Be7 11. Be3 O-O 12. Nd2 d5 13. Bg5 Nxe4 14. Nxe4 dxe4
15. Bxe7 exf3 16. Bxd8 Raxd8 17. g3 Rd5 18. Re3 Rfd8 19. a3 a5 20. a4 h5 21.
Ra3 R5d7 22. Rxf3 Ne5 23. Re3 Nxd3 24. Bxd3 Rxd3 1/2-1/2

[Event "Karposh Open 2015"]
[Site "Skopje MKD"]
[Date "2015.03.31"]
[Round "6.6"]
[White "Antic, Dejan"]
[Black "Vocaturo, Daniele"]
[Result "1-0"]
[WhiteElo "2457"]
[BlackElo "2579"]
[PlyCount "103"]
[EventDate "2015.03.27"]
[EventType "swiss"]
[EventRounds "9"]
[EventCountry "MKD"]
[Source "lmi"]
[SourceDate "2015.03.27"]

1. d4 Nf6 2. c4 g6 3. Nc3 Bg7 4. e4 d6 5. Nf3 O-O 6. Be2 e5 7. O-O Nc6 8. d5
Ne7 9. b4 a5 10. bxa5 Rxa5 11. a4 c5 12. Ra3 Ra6 13. g3 h6 14. Nh4 Nh7 15. Nb5
Ng5 16. Qc2 f5 17. exf5 Bxf5 18. Nxf5 Nxf5 19. Bxg5 hxg5 20. Bg4 Rf7 21. Rf3
Qf8 22. Rb1 Kh7 23. Bxf5 Rxf5 24. Re3 Rf7 25. Nc3 Bf6 26. Ne4 Bd8 27. Kg2 Kg7
28. Qd1 Qe7 29. Rf3 Rf5 30. Rfb3 b6 31. Rb5 Rf8 32. Ra1 Qd7 33. h3 Be7 34. a5
bxa5 35. Rbxa5 Rxa5 36. Rxa5 Rh8 37. g4 Rb8 38. Qa1 Qc7 39. Ra6 Rb3 40. Qa4 Rb4
41. Qc6 Qd8 42. Ra7 Kh6 43. Rd7 Qf8 44. Nxd6 Bxd6 45. Rxd6 Qf7 46. Rf6 Qg7 47.
Qe6 Rxc4 48. Rf7 Qg8 49. Rc7 Qh8 50. Rc8 Qg7 51. Rg8 Qh7 52. Qe8 1-0

[Event "Karposh Open 2015"]
[Site "Skopje MKD"]
[Date "2015.03.31"]
[Round "6.7"]
[White "Kraemer, Martin"]
[Black "Drazic, Sinisa"]
[Result "1/2-1/2"]
[WhiteElo "2577"]
[BlackElo "2439"]
[PlyCount "137"]
[EventDate "2015.03.27"]
[EventType "swiss"]
[EventRounds "9"]
[EventCountry "MKD"]
[Source "lmi"]
[SourceDate "2015.03.27"]

1. e4 d6 2. d4 Nf6 3. Nc3 g6 4. Nf3 Bg7 5. Be2 O-O 6. O-O a6 7. Re1 Nc6 8. d5
Nb8 9. Bf4 e5 10. dxe6 Bxe6 11. Qd2 Nc6 12. Rad1 Qd7 13. h3 Rad8 14. Ng5 Rfe8
15. Bf1 Qc8 16. Nxe6 fxe6 17. Bg5 Rf8 18. g3 Rde8 19. Bg2 Nd7 20. Be3 Nde5 21.
Qe2 b5 22. b3 Nf3+ 23. Bxf3 Bxc3 24. Rf1 Qd7 25. Bg2 Qg7 26. f4 e5 27. Kh2 exf4
28. gxf4 g5 29. fxg5 Nd4 30. Qd3 Ne6 31. Kh1 Be5 32. Qd5 h6 33. h4 hxg5 34. Bh3
c6 35. Qxc6 Qh6 36. Rxf8+ Kxf8 37. Rf1+ Nf4 38. Bxf4 Bxf4 39. Kg2 gxh4 40. Qd7
Re7 41. Qc8+ Kg7 42. Qg4+ Bg5 43. Rf5 Re5 44. Rxe5 dxe5 45. Qd7+ Kf8 46. c4 Be7
47. Qf5+ Qf6 48. Kf3 bxc4 49. bxc4 Kg7 50. Qxf6+ Kxf6 51. Bc8 a5 52. Kg4 h3 53.
Kxh3 Kg5 54. Kg3 a4 55. Kf3 Bc5 56. Bd7 a3 57. Be6 Kf6 58. Bd5 Ke7 59. Ke2 Kd6
60. Kd3 Bd4 61. Ke2 Kc5 62. Kd3 Kb4 63. Be6 Bc5 64. Bd5 Ba7 65. Be6 Bd4 66. Bd5
Bb2 67. Be6 Ba1 68. Kc2 Bd4 69. Kd3 1/2-1/2

[Event "Karposh Open 2015"]
[Site "Skopje MKD"]
[Date "2015.03.31"]
[Round "6.8"]
[White "Doncea, Vladimir"]
[Black "Zelcic, Robert"]
[Result "1/2-1/2"]
[WhiteElo "2421"]
[BlackElo "2553"]
[PlyCount "112"]
[EventDate "2015.03.27"]
[EventType "swiss"]
[EventRounds "9"]
[EventCountry "MKD"]
[Source "lmi"]
[SourceDate "2015.03.27"]

1. d4 Nf6 2. Nf3 e6 3. c4 d5 4. Nc3 c5 5. e3 cxd4 6. exd4 Bb4 7. cxd5 Nxd5 8.
Bd2 Nc6 9. Bd3 Be7 10. O-O O-O 11. Re1 Nf6 12. Bf4 Nb4 13. Rc1 Nxd3 14. Qxd3 b6
15. d5 exd5 16. Nd4 Bd7 17. Bc7 Qxc7 18. Nxd5 Qd6 19. Nxe7+ Kh8 20. Qc4 Ng4 21.
Nf3 Be6 22. Qa4 Nxh2 23. Ng6+ fxg6 24. Nxh2 Qd2 25. Nf3 Qxb2 26. Rc2 Bd7 27.
Rxb2 Bxa4 28. Re7 Rfe8 29. Rc7 Rec8 30. Re7 Re8 31. Rc7 Rec8 32. Re7 Kg8 33.
Rb4 Bc6 34. Nd4 Bd5 35. Nb5 a5 36. Rd4 Rd8 37. Nc7 Bxa2 38. Ra4 Kf8 39. Nxa8
Kxe7 40. Nxb6 Rd1+ 41. Kh2 Rd2 42. Kg1 Be6 43. Rxa5 Rd6 44. Rb5 Rd1+ 45. Kh2
Rf1 46. Rb2 h5 47. Na4 Rc1 48. Rd2 g5 49. Nb2 h4 50. f3 Rf1 51. Nd1 Kf6 52. Nf2
Bf5 53. Rb2 g6 54. Re2 Kf7 55. Ne4 g4 56. fxg4 Bxg4 1/2-1/2

[Event "Karposh Open 2015"]
[Site "Skopje MKD"]
[Date "2015.03.31"]
[Round "6.9"]
[White "Leniart, Arkadiusz"]
[Black "Stanojoski, Zvonko"]
[Result "0-1"]
[WhiteElo "2488"]
[BlackElo "2418"]
[PlyCount "122"]
[EventDate "2015.03.27"]
[EventType "swiss"]
[EventRounds "9"]
[EventCountry "MKD"]
[Source "lmi"]
[SourceDate "2015.03.27"]

1. e4 c5 2. c3 d5 3. exd5 Qxd5 4. d4 Nf6 5. Nf3 e6 6. Be2 cxd4 7. Qxd4 Bc5 8.
Qxd5 exd5 9. Nbd2 O-O 10. Nb3 Bb6 11. a4 a6 12. a5 Ba7 13. Nfd4 Re8 14. Be3 Bg4
15. h3 Bxe2 16. Kxe2 Nbd7 17. Nc2 Ne5 18. Nd2 Nc6 19. Rhd1 Bxe3 20. Nxe3 d4 21.
cxd4 Nxd4+ 22. Kf1 Rxe3 23. fxe3 Nc2 24. Nc4 Nxa1 25. Rxa1 Rc8 26. Ra4 Kf8 27.
Ke2 Rc5 28. Na3 Ne8 29. Kd3 h5 30. h4 Nd6 31. Rd4 Nf5 32. Rd7 Rxa5 33. Nc4 Rb5
34. e4 Nxh4 35. Nd6 Rxb2 36. Rxf7+ Kg8 37. Rc7 Nxg2 38. Rc8+ Kh7 39. e5 h4 40.
Ne4 Kg6 41. Rf8 Rb5 42. e6 Re5 43. Nc5 Nf4+ 44. Rxf4 Rxc5 45. Kd4 Rc1 46. Re4
Rc8 47. Ke5 Kh5 48. e7 h3 49. Kd6 h2 50. e8=Q+ Rxe8 51. Rxe8 Kg4 52. Re1 g5 53.
Rc1 Kf4 54. Rf1+ Kg3 55. Rc1 g4 56. Ke5 Kg2 57. Rc2+ Kh3 58. Rc1 g3 59. Kf4 b5
60. Rd1 b4 61. Kg5 a5 0-1